National roads of Ireland - Statistics

General Stats
  • This quiz has been taken 3 times
  • The average score is 22 of 33
Answer Stats
Hint Answer % Correct
N/M1 Dublin to Belfast
100%
N/M3 Dublin to Cavan
100%
N/M7 Dublin to LImerick
100%
N/M2 Dublin to Monaghan
100%
N/M4 Dublin to Sligo
100%
N/M11 Dublin to Wexford
100%
N/M6 Kinnegad to Galway
100%
N5 Longford to Westport
100%
N/M9 Newbridge to Waterford
100%
N/M8 Portlaoise to Cork
100%
N/M17 Athenry to Collooney
67%
N29 Belview Port to N25
67%
N27 Cork to Cork Airport
67%
N/M28 Cork to Ringaskiddy
67%
M50 Dublin Bypass
67%
N10 Kilkenny to Danesfort
67%
N/M18 Limerick to Athenry
67%
N/M20 Limerick to Cork
67%
N24 Limerick to Waterford
67%
N30 New Ross to Enniscorthy
67%
N21 Patrickswell to Tralee
67%
N25 Rosslare to Cork
67%
N19 Shannon Airport to N18
67%
N22 Tralee to Cork
67%
N23 Castleisland to Farranfore
33%
N40 Cork South Link Road
33%
N31 Dun Laoghaire to Leopardstown
33%
N14 Letterkenny to Liford
33%
N12 Monaghan to Belfast
33%
N16 Sligo to Enniskillen
33%
N15 Sligo to Liford
33%
N26 Swinford to Ballina
33%
N13 Stanlore to Letterkenny
0%
No matching quizzes found
Score Distribution
Percent of People with Each Score
Percentile by Number Answered
Your Score History
You have not taken this quiz